DIARI BELAJAR LUAR NEGARA : (Record no. 203995)
[ view plain ]
| 000 -LEADER | |
|---|---|
| fixed length control field | 01035nam a2200289 ia4500 |
| 005 - DATE AND TIME OF LATEST TRANSACTION | |
| control field | 20260425125436.0 |
| 008 - FIXED-LENGTH DATA ELEMENTS--GENERAL INFORMATION | |
| fixed length control field | 260425s2025 my ao dr 000 f may d |
| 020 ## - INTERNATIONAL STANDARD BOOK NUMBER | |
| International Standard Book Number | 9786297687827 |
| Terms of availability | RM12.00 |
| Qualifying information | paperback |
| 040 ## - CATALOGING SOURCE | |
| Original cataloging agency | PPAK |
| Language of cataloging | eng |
| Transcribing agency | PPAK |
| Description conventions | rda |
| 082 04 - DEWEY DECIMAL CLASSIFICATION NUMBER | |
| Classification number | 899.2333 |
| Edition number | 23 |
| 090 00 - LOCALLY ASSIGNED LC-TYPE CALL NUMBER (OCLC); LOCAL CALL NUMBER (RLIN) | |
| Classification number (OCLC) (R) ; Classification number, CALL (RLIN) (NR) | 899.2333 |
| Feature heading | NAN |
| Feature heading | G |
| 100 0# - MAIN ENTRY--PERSONAL NAME | |
| Personal name | Nana Syazana, |
| Relator term | author. |
| 245 10 - TITLE STATEMENT | |
| Title | DIARI BELAJAR LUAR NEGARA : |
| Remainder of title | SPRING EDITION / |
| Statement of responsibility, etc. | NANA SYAZANA, SHASYA ALI ; Suntingan & Susun Atur Mazlia Murat |
| 264 #1 - PRODUCTION, PUBLICATION, DISTRIBUTION, MANUFACTURE, AND COPYRIGHT NOTICE | |
| Place of production, publication, distribution, manufacture | Bandar Baru Nilai, Negeri Sembilan : |
| Name of producer, publisher, distributor, manufacturer | BLINK BOOK SDN BHD, |
| Date of production, publication, distribution, manufacture, or copyright notice | 2025 |
| 300 ## - PHYSICAL DESCRIPTION | |
| Extent | 127 pages : |
| Other physical details | illustrations, photographs ; |
| Dimensions | 19 cm |
| 336 ## - CONTENT TYPE | |
| Content type term | text |
| Source | rdacontent |
| 337 ## - MEDIA TYPE | |
| Media type term | unmediated |
| Source | rdamedia |
| 338 ## - CARRIER TYPE | |
| Carrier type term | volume |
| Source | rdacarrier |
| 490 1# - SERIES STATEMENT | |
| Series statement | Siri Diari Belajar Luar Negara |
| 650 10 - SUBJECT ADDED ENTRY--TOPICAL TERM | |
| Topical term or geographic name entry element | Young adult fiction, Malay. |
| Topical term or geographic name entry element | Malay fiction. |
| Topical term or geographic name entry element | Malaysian fiction (Malay). |
| 700 0# - ADDED ENTRY--PERSONAL NAME | |
| Personal name | Shasya Ali, |
| Relator term | author. |
| Personal name | Mazlia Murat, |
| Relator term | editor. |
| 830 #0 - SERIES ADDED ENTRY--UNIFORM TITLE | |
| Uniform title | Siri diari belajar luar negara |
| 942 ## - ADDED ENTRY ELEMENTS (KOHA) | |
| Source of classification or shelving scheme | Dewey Decimal Classification |
| Koha item type | Book |
| Withdrawn | Not for loan | Current library | Shelving location | Date acquired | Total Checkouts | Full call number | Barcode | Date last seen | Koha item type |
|---|---|---|---|---|---|---|---|---|---|
| Perpustakaan Alor Setar | Pinjaman Dewasa | 27/04/2026 | 899.2333 NAN | A01913902 | 27/04/2026 | Book | |||
| Perpustakaan Awam Sungai Petani | Pinjaman Dewasa | 27/04/2026 | 899.2333 NAN | A01913903 | 27/04/2026 | Book | |||
| Perpustakaan Baling | Pinjaman Dewasa | 27/04/2026 | 899.2333 NAN | A01913907 | 27/04/2026 | Book | |||
| Perpustakaan Bandar Baharu | Pinjaman Dewasa | 27/04/2026 | 899.2333 NAN | A01913908 | 27/04/2026 | Book | |||
| Perpustakaan Jitra | Pinjaman Dewasa | 27/04/2026 | 899.2333 NAN | A01913904 | 27/04/2026 | Book | |||
| Perpustakaan Kuala Nerang | Pinjaman Dewasa | 27/04/2026 | 899.2333 NAN | A01913912 | 27/04/2026 | Book | |||
| Perpustakaan Kulim | Pinjaman Dewasa | 27/04/2026 | 899.2333 NAN | A01913906 | 27/04/2026 | Book | |||
| Perpustakaan Langkawi | Pinjaman Dewasa | 27/04/2026 | 899.2333 NAN | A01913905 | 27/04/2026 | Book | |||
| Perpustakaan Merbok | Pinjaman Dewasa | 27/04/2026 | 899.2333 NAN | A01913909 | 27/04/2026 | Book | |||
| Perpustakaan Pendang | Pinjaman Dewasa | 27/04/2026 | 899.2333 NAN | A01913913 | 27/04/2026 | Book | |||
| Perpustakaan Sik | Pinjaman Dewasa | 27/04/2026 | 899.2333 NAN | A01913911 | 27/04/2026 | Book | |||
| Perpustakaan Yan | Pinjaman Dewasa | 27/04/2026 | 899.2333 NAN | A01913910 | 27/04/2026 | Book |